Legion of Doom - Statistics

General Stats
  • This quiz has been taken 96 times
  • The average score is 9 of 13
Answer Stats
Answer % Correct
Cheetah
91%
Lex Luthor
88%
Captain Cold
85%
Bizarro
79%
Black Manta
79%
Sinestro
76%
Riddler
70%
Solomon Grundy
67%
Gorilla Grodd
61%
Scarecrow
58%
Brainiac
52%
Giganta
52%
Toyman
45%
No matching quizzes found
Score Distribution
Percent of People with Each Score
Percentile by Number Answered
Your Score History
You have not taken this quiz